| 000 | 02470cam a22003375i 4500 | ||
|---|---|---|---|
| 999 |
_c27919 _d27890 |
||
| 001 | 20718214 | ||
| 003 | EG-ScBUE | ||
| 005 | 20191217105615.0 | ||
| 008 | 181024s2018 caua f b 001 0 eng d | ||
| 020 | _a9781491985571 | ||
| 035 | _a(OCoLC)on1032828499 | ||
| 040 |
_aSXP _beng _erda _cSXP _dSXP _dGO4 _dJRZ _dMHD _dIMD _dOCLCF _dDLC _dEG-ScBUE |
||
| 082 | 0 | 4 |
_a005.133 _bMIT _222 |
| 100 | 1 |
_aMitchell, Ryan E., _eauthor. |
|
| 245 | 1 | 0 |
_aWeb scraping with Python : _bcollecting more data from the modern web / _cRyan Mitchell. |
| 250 | _aSecond edition. | ||
| 264 | 1 |
_aSebastopol, CA : _bO'Reilly Media, _c2018. |
|
| 300 |
_axv, 288 pages : _billustrations, _c24 cm |
||
| 336 |
_atext _btxt _2rdacontent |
||
| 337 |
_aunmediated _bn _2rdamedia |
||
| 338 |
_avolume _bnc _2rdacarrier |
||
| 504 | _aIncludes bibliographical references and index. | ||
| 520 | _aIf programming is magic then web scraping is surely a form of wizardry. By writing a simple automated program, you can query web servers, request data, and parse it to extract the information you need. The expanded edition of this practical book not only introduces you web scraping but also serves as a comprehensive guide to scraping almost every type of data from the modern web. Part I focuses on web scraping mechanics: using Python to request information from a web server, performing basic handling of the server's response, and interacting with sites in an automated fashion. Part II explores a variety of more specific tools and applications to fit any web scraping scenario you're likely to encounter. Parse complicated HTML pages Develop crawlers with the Scrapy framework Learn methods to store data you scrape Read and extract data from documents Clean and normalize badly formatted data Read and write natural languages Crawl through forms and logins Scrape JavaScript and crawl through APIs Use and write image-to-text software Avoid scraping traps and bot blockers Use scrapers to test your website. | ||
| 520 | _aLearn web scraping and crawling techniques to access data from any web source in any format. Teaches basic web scraping mechanics, but also delves into more advanced topics, such as analyzing raw data or using scrapers for frontend website testing. | ||
| 650 | 7 |
_aPython (Computer program language) _2BUEsh |
|
| 650 | 7 |
_aData mining. _2BUEsh |
|
| 650 | 7 |
_aAutomatic data collection systems. _2BUEsh |
|
| 653 |
_bGGEN _cDecember2019 |
||
| 655 | _vReading book | ||
| 942 |
_2ddc _cBB |
||